Central Library OPAC University of Rajshahi

Germany and the fight for freedom / (Record no. 26200)

MARC details
000 -LEADER
fixed length control field 00864cam a22002771 4500
001 - CONTROL NUMBER
control field 26200
003 - CONTROL NUMBER IDENTIFIER
rucl marc code BD-RjUL
005 - DATE AND TIME OF LATEST TRANSACTION
control field 20211209051002.0
008 - FIXED-LENGTH DATA ELEMENTS--GENERAL INFORMATION
fixed length control field 140320s1950 mau 000 0 eng d
035 ## - SYSTEM CONTROL NUMBER
System control number (BD-RjUL)26270
System control number (OCoLC)1315234
040 ## - CATALOGING SOURCE
Original cataloging agency DLC
Transcribing agency FM
Modifying agency OCoLC
-- Uk
-- DLC
-- BD-RjUL
Language of cataloging eng
041 ## - LANGUAGE CODE
Language code of text/sound track or separate title eng
082 00 - DEWEY DECIMAL CLASSIFICATION NUMBER
Classification number 943.086
Author mark and year CLG 1950
100 1# - MAIN ENTRY--PERSONAL NAME
Personal name Clay, Lucius D.
Fuller form of name (Lucius DuBignon),
Dates associated with a name 1897-1978.
9 (RLIN) 80539
245 10 - TITLE STATEMENT
Title Germany and the fight for freedom /
Statement of responsibility, etc. Lucius D Clay.
260 ## - PUBLICATION, DISTRIBUTION, ETC. (IMPRINT)
Place of publication, distribution, etc. Cambridge :
Name of publisher, distributor, etc. Harvard University Press,
Date of publication, distribution, etc. 1950.
300 ## - PHYSICAL DESCRIPTION
Pagination 83 p. ;
Size 20 cm.
490 1# - SERIES STATEMENT
Series statement The Godkin lectures at Harvard University,
Volume/sequential designation 1950
651 #0 - SUBJECT ADDED ENTRY--GEOGRAPHIC NAME
Geographic name Germany
General subdivision History
Chronological subdivision 1945-
9 (RLIN) 80540
830 #0 - SERIES ADDED ENTRY--UNIFORM TITLE
Volume number/sequential designation 1950.
Uniform title Godkin lectures at Harvard University ;
942 ## - ADDED ENTRY ELEMENTS (KOHA)
Source of classification or shelving scheme Dewey Decimal Classification
Koha item type Books
Holdings
Lost status Source of classification or shelving scheme Damaged status Not for loan Collection code Permanent Location Current Location Shelving location Date acquired Source of acquisition Total Checkouts Full call number Date last seen Copy number Koha item type
  Dewey Decimal Classification   Added to bundle Non-fiction Central Library, University of Rajshahi Central Library, University of Rajshahi Reading Room 11/02/1958 U. S. I .S. Dhaka Gift   943.086 CLG 1950 20/03/2014 C-1 Books